000 00287nam a22001337a 4500
008 181016b xxu||||| |||| 00| 0 eng d
020 _a9780669386332
041 _aeng
080 _a371
100 _a25
101 _aEDU
245 _aWriters Expreses
_cKrenzke,Ch
942 _2udc
_cBK
999 _c49870
_d49870